Gemeinden Landkreis Schwandorf - Statistiken

Allgemein
  • Dieses Quiz wurde 58 mal gespielt
  • Das Durchschnittsergebnis liegt bei 12 aus 33
Antwortstatistiken
Einwohner Gemeindeart Gemeinde % Korrekt
29.130 Große Kreisstadt Schwandorf
100%
11.787 Stadt Maxhütte-Haidhof
79%
13.687 Stadt Burglengenfeld
75%
6.142 Stadt Nabburg
75%
7.550 Stadt Teublitz
75%
6.316 Markt Schwarzenfeld
71%
9.027 Stadt Nittenau
64%
5.051 Stadt Oberviechtach
57%
4.446 Markt Bruck in der Oberpfalz
54%
5.349 Stadt Pfreimd
54%
5.245 Gemeinde Wackersdorf
50%
8.312 Stadt Neunburg vorm Wald
43%
4.341 Gemeinde Bodenwöhr
39%
2.404 Stadt Schönsee
39%
5.618 Markt Wernberg-Köblitz
36%
1.956 Gemeinde Steinberg am See
32%
1.647 Gemeinde Stulln
32%
1.815 Gemeinde Teunz
29%
1.116 Markt Neukirchen-Balbini
21%
1.242 Gemeinde Niedermurach
21%
1.423 Gemeinde Schwarzach bei Nabburg
21%
1.407 Markt Schwarzhofen
21%
852 Gemeinde Altendorf
18%
623 Gemeinde Gleiritsch
18%
513 Gemeinde Stadlern
18%
965 Gemeinde Trausnitz
18%
2.364 Gemeinde Fensterbach
14%
2.948 Gemeinde Schmidgaden
14%
1.375 Markt Winklarn
14%
996 Gemeinde Dieterskirchen
11%
819 Gemeinde Guteneck
11%
951 Gemeinde Thanstein
11%
455 Gemeinde Weiding
11%
Keine übereinstimmenden Quizze gefunden
Verteilung der Resultate
Anzahl Personen mit jedem Resultat
Perzentil nach korrekt beantworteten Fragen
Ihre Resultats-Entwicklung
Sie haben dieses Quiz noch nicht gespielt